000 00699nam a2200241Ia 4500
003 OSt
005 20220928125208.0
006 a|||||r|||| 00| 0
007 ta
008 220927b |||||||| |||| 00| 0 eng d
024 _a67218
037 _cTextual
040 _aSDCL
_cSDCL
_beng
041 _2eng
_aeng
082 _aX:551, P5
100 _aGeman Helyette
_9459785
245 0 _aCommodities and commodity derivatives
_bModeling and pricing for agriculturals,metal and energy.
260 _aHoboken
_bJohn Wiley
_c2005
300 _axvii,396p.
_ccm.
650 _aCommodity Market
_9468839
942 _hX:551, P5
_cTEXL
_2CC
999 _c781552
_d781552